Folk songs of Kongunadu with special reference to Kummi songs/ (Record no. 55966)

000 -LEADER
fixed length control field 00456nam a22001697a 4500
082 ## - DEWEY DECIMAL CLASSIFICATION NUMBER
Classification number 398.357 8
Item number SAN/F
100 ## - MAIN ENTRY--AUTHOR NAME
Personal name Santhakumari R S
245 ## - TITLE STATEMENT
Title Folk songs of Kongunadu with special reference to Kummi songs/
Statement of responsibility, etc by Santhakumari
260 ## - PUBLICATION, DISTRIBUTION, ETC. (IMPRINT)
Place of publication Chennai:
Name of publisher Mudhra Prints,
Year of publication 2005.
300 ## - PHYSICAL DESCRIPTION
Number of Pages 348p.
650 ## - SUBJECT ADDED ENTRY--TOPICAL TERM
Topical Term Kummi Songs
650 ## - SUBJECT ADDED ENTRY--TOPICAL TERM
Topical Term Folk Songs Tamil Nadu
650 ## - SUBJECT ADDED ENTRY--TOPICAL TERM
Topical Term Folk Songs
650 ## - SUBJECT ADDED ENTRY--TOPICAL TERM
Topical Term Folklore
650 ## - SUBJECT ADDED ENTRY--TOPICAL TERM
Topical Term Social Sciences
942 ## - ADDED ENTRY ELEMENTS (KOHA)
Koha item type Book
Holdings
Withdrawn status Lost status Damaged status Not for loan Permanent Location Current Location Shelving location Date acquired Cost, normal purchase price Full call number Accession Number Price effective from Koha item type
        Sree Sankaracharya University of Sanskrit Sree Sankaracharya University of Sanskrit Stacks 24.08.2015 400.00 398.357 8 SAN/F 077997 24.08.2015 Book
        Sree Sankaracharya University of Sanskrit Sree Sankaracharya University of Sanskrit Stacks 24.08.2015 400.00 398.357 8 SAN/F 077998 24.08.2015 Book